| 000 | 00509nam a2200157 a 4500 | ||
|---|---|---|---|
| 001 | 000040926 | ||
| 005 | 20201002034501.0 | ||
| 008 | 130911s2003 dr 000 0 spa d | ||
| 020 | _a9993423521 | ||
| 040 |
_aDO-SdBNP _bspa _cBNPHU |
||
| 082 |
_axxxx _bxxxx |
||
| 245 | 0 | 0 |
_aIglesia y la gestión ambiental : _brealidades y desafíos. |
| 260 |
_aSanto Domingo : _bComisión nacional para pastoral de ecología y medio ambiente, _c2003. |
||
| 300 |
_a211 p. : _bil. ; _c23 cm. |
||
| 504 | _aBibliografías : p. 211 | ||
| 999 |
_c40416 _d40416 |
||